| 000 | 00887nam a2200229 a 4500 | ||
|---|---|---|---|
| 008 | 120416s1987 ||||||||||||||||| || u | ||
| 020 | _a0675204755 | ||
| 050 | _aT 385 Lam | ||
| 100 | _aPaige, Vernon, 1937- | ||
| 245 | 1 | 0 | _aComputer-aided design and drafting: CADD |
| 260 |
_aColumbus: _bMerril Publishing _c1987 |
||
| 300 | _axxxii, 572p.: ill. | ||
| 350 | _a0.00 | ||
| 500 | _aIncludes index. | ||
| 650 | 0 | _aCOMPUTER GRAPHICS | |
| 650 | _aCOMPUTER-AIDED DESIGN | ||
| 700 | _aWaldron, Brad | ||
| 700 | _aShull, John | ||
| 700 | _aLamit, Louis Gary, 1949- | ||
| 995 |
_aMAIN LIBRARY OPEN ACCESS _D0.00 _e723543 _FCBU-MAIN LIBRARY (Kitwe) _H1 _I38.00 _jT 385 Lam _M1 _UAVAILABLE _y013746 _ZMain Library Open Access Collection |
||
| 995 |
_aMAIN LIBRARY OPEN ACCESS _D0.00 _e723544 _FCBU-MAIN LIBRARY (Kitwe) _H2 _I38.00 _jT 385 Lam _M2 _UAVAILABLE _y013747 _ZMain Library Open Access Collection |
||
| 999 |
_c79645 _d79645 |
||